Największe miasta w Czechach - Statystyki

Ogólne statystyki
  • Ten quiz został rozwiązany 305 razy
  • Średni wynik to 8 z 15
Statystyki odpowiedzi
LP Liczba ludności Miasta % Poprawnych
1. 1.324.300 Praga
100%
2. 381.300 Brno
95%
3. 288.000 Ostrawa
92%
4. 174.800 Pilzno
81%
5. 104.800 Liberec
74%
6. 100.700 Ołomuniec
74%
7. 94.400 Czeskie Budziejowice
56%
8. 92.900 Hradec Kralove
55%
10. 91.700 Pardubice
50%
12. 75.700 Zlin
36%
9. 92.700 Uście nad Łabą
28%
14. 67.500 Most
14%
15. 61.900 Karwina
12%
13. 69.900 Kladno
10%
11. 82.800 Hawierzów
5%
Nie znaleziono quizów pasujących do podanych kryteriów
Rozkład punktacji
Procent ludzi z każdym wynikiem
Percentyl według liczby udzielonych odpowiedzi
Twoja historia wyników
Nie rozwiązałeś tego quizu